[Event "6th EICC"]
[Site "Warsaw POL"]
[Date "2005.06.30"]
[Round "12"]
[White "Nisipeanu,LD"]
[Black "Eljanov,P"]
[Result "1-0"]
[WhiteElo "2670"]
[BlackElo "2641"]
[EventDate "2005.06.18"]

1. e4 c5 2. Nf3 Nc6 3. d4 cxd4 4. Nxd4 Nf6 5. Nc3 e5 6. Ndb5 d6 7. Bg5 a6
8. Na3 b5 9. Nd5 Be7 10. Bxf6 Bxf6 11. c3 O-O 12. Nc2 Rb8 13. a4 bxa4 14.
Nce3 Ne7 15. Rxa4 Nxd5 16. Nxd5 Rxb2 17. Bxa6 Bg4 18. Qa1 Rb8 19. O-O Bg5
20. Qa3 Bd7 21. Rb4 Bc6 22. Qb3 Bxd5 23. Qxd5 Ra8 24. Bc4 Rc8 25. Rfb1 Rc5
26. Qd3 Qc8 27. g3 Be7 28. R1b3 Rc7 29. Bd5 Qd7 30. Kg2 g6 31. Qf3 Kg7 32.
Rb7 Bd8 33. Qe3 Re8 34. h4 h5 35. c4 Re7 36. Rb8 Rc8 37. R8b5 Qa7 38. Qf3
Qd7 39. Ra3 Rc7 40. Rb8 Rc8 41. Rb5 Rc7 42. Rb8 Rc8 43. Rb4 Bc7 44. Ra6 Qg4
45. Qb3 Qd7 46. Rb7 Qd8 47. Rc6 Rd7 48. Qb5 Qe7 49. Qa6 Rcd8 50. Qb5 Rc8
51. Qb2 Rf8 52. c5 dxc5 53. Be6 Rd6 54. Qxe5+ Qf6 55. Qxf6+ Kxf6 56. Rxd6
Bxd6 57. Bd5 c4 58. Bxc4 Kg7 59. Bb3 Bc5 60. e5 Kg8 61. f4 Bd4 62. Kf3 Bc5
63. g4 hxg4+ 64. Kxg4 Kg7 65. Kg5 Bd4 66. Rd7 Bc3 67. Bc2 Kg8 68. Bb3 Kg7
69. Bd5 Bb2 70. e6 Bf6+ 71. Kg4 Kg8 72. exf7+ Kg7 73. Rb7 Bd8 74. h5 gxh5+
75. Kxh5 Bf6 76. Bb3 Bd4 77. Kg5 Rd8 78. Kh5 Bc5 79. Rc7 Bb4 80. Rc1 Kf8
81. Rg1 Ke7 82. Rg8 Rf8 83. Rg6 Rd8 84. Rb6 Bc5 85. Rc6 Bb4 86. Kg6 Kf8 87.
Be6 Be7 88. f5 Rd1 89. Rc8+ Rd8 90. Rc7 Rd1 91. Rc8+ Rd8 92. Rc1 Rd2 93.
Kh5 Rh2+ 94. Kg4 Rd2 95. Kf3 Bf6 96. Rb1 Rd8 97. Rb5 Rd3+ 98. Ke4 Rd4+ 99.
Ke3 Rd8 100. Bd5 Rc8 101. Ke4 Rd8 102. Rb6 Kg7 103. Ra6 Rb8 104. Kf3 Rd8
105. Bc4 Rc8 106. Ba2 Rd8 107. Bc4 Rc8 108. Bd5 Rd8 109. Ra5 Rb8 110. Rc5
Rd8 111. Rb5 Rc8 112. Rb1 Kf8 113. Rg1 Ke7 114. Kg4 Rd8 115. Ba2 Bc3 116.
Rg3 Bb2 117. Kg5 Ba1 118. Bb3 Bb2 119. Rg2 Bg7 120. Re2+ Kd7 121. Re8 Bf8
122. Kg6 Kc7 123. Rxf8 1-0

[Event "6th EICC"]
[Site "Warsaw POL"]
[Date "2005.06.30"]
[Round "12"]
[White "Rublevsky,S"]
[Black "Kotronias,V"]
[Result "1/2-1/2"]
[WhiteElo "2645"]
[BlackElo "2578"]
[EventDate "2005.06.18"]

1. e4 c5 2. Nf3 Nc6 3. Bb5 g6 4. Bxc6 dxc6 5. d3 Bg7 6. h3 b6 7. O-O e5 8.
a3 f6 9. b4 cxb4 10. axb4 Nh6 11. Ba3 O-O 12. b5 c5 13. c4 Be6 14. Nc3 Qd7
15. Bb2 Nf7 16. Nd5 Bxd5 17. exd5 Rae8 18. Nd2 Nd6 19. Ne4 Nxe4 20. dxe4
Rf7 21. Ra3 Bf8 22. Qd2 Qc7 23. Rfa1 Qb8 24. Qe2 Bd6 25. Qg4 Ree7 26. h4 f5
27. exf5 Qc8 28. Re1 Qxf5 29. Qxf5 gxf5 30. Rae3 f4 31. Re4 Rf5 32. g3 fxg3
33. fxg3 h5 34. g4 hxg4 35. Rxg4+ Kh7 36. Rf1 Rf4 37. Rfxf4 exf4 38. Kf2
Re3 39. Rg7+ Kh6 40. Rd7 Be7 41. Rxe7 Rxe7 42. Kf3 Rf7 43. Be5 Kg6 44. Bxf4
Kf5 1/2-1/2

[Event "6th EICC"]
[Site "Warsaw POL"]
[Date "2005.06.30"]
[Round "12"]
[White "Stocek,J"]
[Black "Sokolov,I"]
[Result "0-1"]
[WhiteElo "2585"]
[BlackElo "2662"]
[EventDate "2005.06.18"]

1. d4 d5 2. c4 c6 3. Nf3 Nf6 4. Nc3 dxc4 5. a4 Bf5 6. e3 e6 7. Bxc4 Bb4 8.
O-O O-O 9. Qe2 Bg4 10. h3 Bh5 11. Rd1 Nbd7 12. e4 Qc7 13. e5 Nd5 14. Bd2
Be7 15. Rac1 Nxc3 16. bxc3 Kh8 17. Bb3 c5 18. g4 Bg6 19. h4 Qc6 20. Bg5
Rae8 21. Bxe7 Rxe7 22. h5 Qe4 23. Kf1 Qxe2+ 24. Kxe2 Be4 25. Ng5 Bc6 26. f4
cxd4 27. cxd4 h6 28. Nf3 Nb6 29. a5 Nd5 30. f5 Rd8 31. Kf2 a6 32. Rc5 Nc7
33. Ke3 Red7 34. Nh4 Nd5+ 35. Kf2 Re8 36. Rd2 Kg8 37. Ng2 Red8 38. Nh4 Kf8
39. fxe6 fxe6 40. Ng6+ Ke8 41. Rc1 Rf7+ 42. Kg3 Nc7 43. Nf4 Kd7 44. d5 exd5
45. Nxd5 Nxd5 46. Bxd5 Ke7 47. Bxf7 Rxd2 48. Bc4 Rd4 49. Bxa6 Rd5 50. Kf4
Kd8 51. e6 Rxa5 52. Bd3 Ke7 53. Bf5 Kf6 54. Rd1 Ra4+ 55. Ke3 Ke7 56. Rc1
Ra5 57. Kf4 Kd6 58. Rc3 Ra4+ 59. Ke3 Bd5 60. Rd3 Ra5 61. Kf4 Ke7 62. Rc3
Bc6 63. Ke3 Ra6 64. Rb3 b5 65. Rb1 Ra3+ 66. Ke2 Ra4 67. Rc1 Ra6 68. Rb1 Rb6
69. Ra1 Bd5 70. Ra7+ Rb7 71. Ra6 b4 72. Kd3 b3 73. Kd4 Bf3 74. Ra1 b2 75.
Rb1 Rb5 76. Kc4 Rb8 77. Rg1 Rc8+ 78. Kd4 Rc1 79. Rg3 Rf1 80. Kc3 Rf2 81.
Rxf3 Rxf3+ 82. Kxb2 Kd6 83. Kc2 Re3 84. Kd2 Re5 85. Kc3 Kc5 86. Kd3 Kd5 87.
Kc3 Re3+ 0-1

[Event "6th EICC"]
[Site "Warsaw POL"]
[Date "2005.06.30"]
[Round "12"]
[White "Kobalia,M"]
[Black "Azarov,S"]
[Result "1-0"]
[WhiteElo "2644"]
[BlackElo "2572"]
[EventDate "2005.06.18"]

1. e4 e5 2. Nf3 Nc6 3. Bb5 a6 4. Ba4 Nf6 5. O-O Be7 6. Re1 b5 7. Bb3 O-O 8.
a4 Bb7 9. d3 d6 10. Nbd2 Na5 11. Ba2 c5 12. c3 Qc7 13. Bb1 b4 14. Ba2 Bc8
15. Nc4 Nc6 16. Bg5 Be6 17. Ne3 Rab8 18. Bc4 Qa7 19. Nd2 Na5 20. Ba2 Ne8
21. Bxe7 Qxe7 22. Ndc4 Nxc4 23. Bxc4 Nc7 24. d4 bxc3 25. bxc3 exd4 26. cxd4
Bxc4 27. Nxc4 Ne6 28. d5 Nd4 29. Rb1 Qf6 30. Qd3 g6 31. Nb6 Qg5 32. a5 Rfe8
33. Kh1 Qf4 34. f3 Kg7 35. Rf1 Nb5 36. g3 Qg5 37. f4 Qe7 38. Rbe1 f6 39.
Re3 Rbd8 40. Rfe1 Qf7 41. Kg2 Re7 42. h4 Kg8 43. Qc4 Rde8 44. Qd3 Rd8 45.
Rf1 Qg7 46. Nc4 Ree8 47. Rfe1 Qd7 48. Nb6 Qg7 49. Qc4 Kh8 50. Qd3 Kg8 51.
Kh2 Kh8 52. Nc4 Kg8 53. Kg2 Qd7 54. Nb6 Qf7 55. Qf1 Qg7 56. Qe2 Rf8 57. Qc4
Kh8 58. Qd3 Qf7 59. Rf1 Qg7 60. Qe2 Kg8 61. Qd3 Kh8 62. Ree1 Rfe8 63. Nc4
Kg8 64. Kh2 Qd7 65. Nb6 Qg7 66. Kg2 Re7 67. Re3 Ree8 68. Rfe1 Qf7 69. Qe2
Rf8 70. Rf1 Qg7 71. Rf2 Rde8 72. Rf1 f5 73. e5 Nd4 74. Qc4 dxe5 75. d6+ Kh8
76. d7 Re6 77. Qd5 Qe7 78. Nc8 Qd8 79. Rxe5 Rxe5 80. Qxe5+ Kg8 81. Qd5+ Kg7
82. Re1 Qxa5 83. Re8 Nc2 84. d8=Q 1-0

[Event "6th EICC"]
[Site "Warsaw POL"]
[Date "2005.06.30"]
[Round "12"]
[White "Kornev,Alexei"]
[Black "Timofeev,Arty"]
[Result "0-1"]
[WhiteElo "2565"]
[BlackElo "2622"]
[EventDate "2005.06.18"]

1. e4 c5 2. Nf3 Nc6 3. Bb5 d6 4. O-O Bd7 5. Re1 Nf6 6. c3 a6 7. Bf1 Bg4 8.
d3 e6 9. Nbd2 d5 10. h3 Bh5 11. Qe2 Be7 12. a3 O-O 13. g4 Bg6 14. Nh4 dxe4
15. dxe4 Nd7 16. Nxg6 hxg6 17. f4 b5 18. e5 c4 19. Ne4 g5 20. Nxg5 Ndxe5
21. Bg2 Nd3 22. Nxe6 fxe6 23. Qxe6+ Kh8 24. Be3 Rf6 25. Qe4 Nxe1 26. Rxe1
Qd3 27. Qf3 Re6 28. Qf2 Rd8 29. Kh1 Qh7 30. f5 Bh4 31. Qf4 Ree8 32. Rf1 Rd3
33. Bc5 Bg3 34. Qg5 Bh4 35. Qf4 Bg3 36. Qg5 Be5 37. Kg1 Rxh3 38. Rf2 Rd3
39. Bf1 Rg3+ 40. Bg2 Bf6 0-1

[Event "6th EICC"]
[Site "Warsaw POL"]
[Date "2005.06.30"]
[Round "12"]
[White "Iljushin,A"]
[Black "Cheparinov,I"]
[Result "1/2-1/2"]
[WhiteElo "2543"]
[BlackElo "2621"]
[EventDate "2005.06.18"]

1. d4 Nf6 2. c4 e6 3. Nc3 Bb4 4. Qc2 O-O 5. a3 Bxc3+ 6. Qxc3 b6 7. Bg5 Bb7
8. f3 d6 9. e3 Nbd7 10. Bd3 c5 11. Ne2 Rc8 12. Qd2 h6 13. Bh4 cxd4 14. exd4
Ba6 15. b3 d5 1/2-1/2

[Event "6th EICC"]
[Site "Warsaw POL"]
[Date "2005.06.30"]
[Round "12"]
[White "Korneev,O"]
[Black "Pantsulaia,L"]
[Result "1/2-1/2"]
[WhiteElo "2611"]
[BlackElo "2496"]
[EventDate "2005.06.18"]

1. e4 c6 2. d4 d5 3. e5 Bf5 4. Bd3 Bxd3 5. Qxd3 e6 6. Ne2 c5 7. c3 Nc6 8.
O-O h5 9. Nd2 Nh6 10. Nf3 Be7 11. dxc5 Bxc5 12. a3 Ng4 13. Bf4 g5 14. Bxg5
Ngxe5 15. Nxe5 Qxg5 16. Nxc6 bxc6 17. b4 Bb6 18. Nd4 Rg8 19. g3 h4 20. Kg2
Rc8 21. Rae1 Qg6 22. Qa6 Rc7 23. Re3 hxg3 24. fxg3 Qg4 25. h3 Qg6 26. Qe2
Kd8 27. g4 c5 28. bxc5 Bxc5 29. Rf2 Bb6 30. Qb5 1/2-1/2

[Event "6th EICC"]
[Site "Warsaw POL"]
[Date "2005.06.30"]
[Round "12"]
[White "Van Wely,L"]
[Black "Babula,V"]
[Result "1/2-1/2"]
[WhiteElo "2687"]
[BlackElo "2584"]
[EventDate "2005.06.18"]

1. d4 Nf6 2. c4 e6 3. Nf3 Bb4+ 4. Bd2 a5 5. g3 d6 6. Bg2 Nbd7 7. O-O e5 8.
Nc3 O-O 9. Qc2 Re8 10. e4 exd4 11. Nxd4 Ne5 12. b3 a4 13. Rad1 axb3 14.
axb3 Bd7 15. h3 Nc6 16. Ndb5 Bc5 17. Bg5 Nb4 18. Qd2 Bxb5 19. cxb5 h6 20.
Bf4 Qe7 21. Rfe1 Nd7 22. Na4 Ne5 23. Qc3 b6 24. Be3 Na2 25. Qd2 Nb4 26. f4
Rxa4 27. Bxc5 Ra2 28. Qxb4 bxc5 29. Qc3 Ng6 30. Ra1 Rea8 31. Rxa2 Rxa2 32.
Ra1 Rxa1+ 33. Qxa1 Qe8 34. Qa6 Nf8 35. Qb7 Ne6 36. Bf1 g5 37. Bc4 gxf4 38.
gxf4 Qd8 39. Kf1 Nxf4 40. b6 Qg5 41. bxc7 Qg2+ 42. Ke1 Qg3+ 43. Kd1 Qf3+
44. Kc2 Qf2+ 45. Kb1 Qe1+ 46. Kb2 Qd2+ 47. Ka3 Qa5+ 48. Kb2 1/2-1/2

[Event "6th EICC"]
[Site "Warsaw POL"]
[Date "2005.06.30"]
[Round "12"]
[White "Aleksandrov,A"]
[Black "Roiz,M"]
[Result "0-1"]
[WhiteElo "2635"]
[BlackElo "2579"]
[EventDate "2005.06.18"]

1. d4 e6 2. c4 Bb4+ 3. Bd2 a5 4. e4 d5 5. cxd5 exd5 6. e5 Ne7 7. Nc3 c5 8.
a3 Bxc3 9. bxc3 Nbc6 10. Bb5 Qb6 11. Qa4 Bd7 12. Rb1 O-O 13. Ne2 Na7 14.
dxc5 Qg6 15. Bxd7 Qxb1+ 16. Nc1 Nac6 17. e6 Qg6 18. exf7+ Rxf7 19. Qg4 Nf5
20. Qxg6 hxg6 21. Bxc6 bxc6 22. Kd1 Re8 23. Kc2 Nh4 24. g3 Nf3 25. Be3 Ne5
26. Bd4 Nc4 27. a4 Rb7 28. Nd3 Re2+ 29. Kc1 Ra2 30. Re1 Ra1+ 31. Kc2 Na3+
32. Kd2 Ra2+ 33. Ke3 Nc2+ 0-1

[Event "6th EICC"]
[Site "Warsaw POL"]
[Date "2005.06.30"]
[Round "12"]
[White "Bocharov,D"]
[Black "Graf,A"]
[Result "1-0"]
[WhiteElo "2574"]
[BlackElo "2632"]
[EventDate "2005.06.18"]

1. d4 d6 2. Nf3 g6 3. g3 Bg7 4. Bg2 c5 5. O-O Qb6 6. Nc3 cxd4 7. Nd5 Qc5 8.
Nd2 Na6 9. c4 dxc3 10. Ne4 Qd4 11. Qxd4 Bxd4 12. bxc3 Bg7 13. Rb1 f5 14.
Nd2 Kf7 15. Nc4 Nf6 16. Be3 Nxd5 17. Bxd5+ Kf6 18. h4 h6 19. f4 Rd8 20.
Bd4+ e5 21. fxe5+ dxe5 22. Bxe5+ Ke7 23. Bxb7 Bxe5 24. Nxe5 Bxb7 25. Rxb7+
Kf6 26. Ng4+ Ke6 27. Nxh6 Nc5 28. Rg7 Kf6 29. Rc7 Rdc8 30. Rf7+ Ke6 31. Rg7
Kf6 32. Rf7+ Ke6 33. g4 Rh8 34. gxf5+ gxf5 35. R7xf5 Ne4 36. Ng4 Nxc3 37.
Re5+ Kd6 38. Rf6+ Kd7 39. Rf7+ Kd6 40. Rf6+ Kd7 41. h5 Nxa2 42. h6 Rag8 43.
Rf7+ Kd6 44. Rg7 Nc3 45. Reg5 Re8 46. e3 Ne4 47. R5g6+ Re6 48. Kg2 a5 49.
Rxe6+ Kxe6 50. Ra7 Rg8 51. Kf3 Ng5+ 52. Kf4 Nh3+ 53. Kg3 Ng5 54. Rxa5 Kf7
55. Kh4 Nh7 56. Kh5 Rc8 57. Ra7+ Kg8 58. e4 Rc1 59. e5 Rh1+ 60. Kg6 Nf8+
61. Kf5 Rg1 62. Nf6+ Kh8 63. Rf7 1-0

[Event "6th EICC"]
[Site "Warsaw POL"]
[Date "2005.06.30"]
[Round "12"]
[White "Smirnov,P"]
[Black "Nijboer,F"]
[Result "1-0"]
[WhiteElo "2624"]
[BlackElo "2553"]
[EventDate "2005.06.18"]

1. e4 c5 2. Nf3 d6 3. d4 cxd4 4. Nxd4 Nf6 5. Nc3 Nc6 6. Bg5 Qb6 7. Nb3 e6
8. Bxf6 gxf6 9. Qd2 Bd7 10. f4 O-O-O 11. O-O-O Na5 12. Kb1 Nxb3 13. axb3
Kb8 14. Be2 Qc5 15. Rhf1 h5 16. f5 Qe5 17. h3 Bc6 18. Bf3 Bh6 19. Qd3 Bg5
20. h4 Bxh4 21. Rh1 Bf2 22. Rxh5 Bc5 23. Rdh1 Rxh5 24. Rxh5 Qd4 25. Rh7 Rf8
26. Bh5 exf5 27. exf5 Re8 28. Rxf7 Re1+ 29. Ka2 a6 30. Bf3 Qxd3 31. cxd3
Bd4 32. Ne2 Be3 33. Rxf6 Bxf3 34. gxf3 Rf1 35. Rxd6 Rxf3 36. Rd5 Kc7 37.
Nc3 Kc6 38. b4 Rf4 39. Re5 Rf3 40. Re6+ Kd7 41. Re5 Kd6 42. d4 Bg1 43. Ne4+
Kc7 44. d5 Bh2 45. Re7+ Kd8 46. f6 Rxf6 47. Rh7 Rf4 48. Nc5 Rf2 49. d6 1-0

[Event "6th EICC"]
[Site "Warsaw POL"]
[Date "2005.06.30"]
[Round "12"]
[White "Gouliev,N"]
[Black "Efimenko,Z"]
[Result "0-1"]
[WhiteElo "2526"]
[BlackElo "2620"]
[EventDate "2005.06.18"]

1. e4 g6 2. d4 d6 3. Nf3 Bg7 4. Be2 Nf6 5. Nc3 O-O 6. O-O a6 7. a4 b6 8. e5
Ne8 9. Bf4 d5 10. Qd2 c6 11. a5 b5 12. Nd1 Nc7 13. Bh6 Be6 14. b4 Nd7 15.
Ra3 Ne8 16. Ne1 f6 17. Bxg7 Nxg7 18. f4 Bf5 19. Nf2 Qc7 20. Re3 Rf7 21. Nf3
Raf8 22. g4 Be6 23. h3 Kh8 24. Kg2 Rg8 25. Bd3 Nf8 26. Nh1 Bc8 27. Ng3 Nfe6
28. Ree1 fxe5 29. Nxe5 Rf6 30. g5 Rff8 31. Bxg6 hxg6 32. Nxg6+ Kh7 33. Qd3
Rf5 34. Re5 Nc5 35. bxc5 Kxg6 36. h4 Rh8 37. Rh1 Qd7 38. h5+ Kf7 39. h6
Rxf4 40. g6+ Kg8 41. Qe3 Rg4 42. h7+ Kf8 43. Rf1+ Ke8 44. Qh6 Ne6 45. Kh2
Kd8 46. Rfe1 Qc7 47. R1e3 Qxa5 48. Rf3 Qc7 49. Rxe6 Bxe6 50. g7 Rxh7 51.
Qxh7 Kd7 52. Qh6 Qb8 53. Re3 Qg8 54. Re2 Rxg7 55. Qf4 Qh8+ 56. Kg1 Rg4 57.
Qf3 Qxd4+ 58. Kg2 Rh4 59. Qa3 Bf5 60. Re3 Qf4 61. Kg1 d4 62. Rb3 d3 63.
Rxd3+ Bxd3 64. Qxd3+ Kc7 0-1

[Event "6th EICC"]
[Site "Warsaw POL"]
[Date "2005.06.30"]
[Round "12"]
[White "Macieja,B"]
[Black "Wells,P"]
[Result "1-0"]
[WhiteElo "2613"]
[BlackElo "2525"]
[EventDate "2005.06.18"]

1. e4 c5 2. Nc3 Nc6 3. f4 g6 4. Nf3 Bg7 5. Bb5 Nd4 6. O-O Nxb5 7. Nxb5 d6
8. d4 cxd4 9. Nbxd4 Nf6 10. e5 Nd5 11. c3 Bg4 12. Qb3 Bxf3 13. Nxf3 dxe5
14. Qb5+ Qd7 15. Qxd7+ Kxd7 16. Rd1 e4 17. Ng5 Kc6 18. Nxf7 Rhf8 19. Ng5
Nxf4 20. Bxf4 Rxf4 21. Re1 Rf5 22. Nxe4 Rd8 23. Re2 b5 24. g3 a5 25. a4
bxa4 26. Rxa4 Rd1+ 27. Kg2 Kb5 28. b3 Rb1 29. Rea2 Rxb3 30. Rxa5+ Kc6 31.
Ra8 Re5 32. Kf3 Rb1 33. Re2 Rf1+ 34. Kg2 Rf8 35. Ra6+ Kc7 36. Ra7+ Kc6 37.
h4 Rd8 38. Kf3 Rf8+ 39. Kg2 Rd8 40. Ra4 Kb5 41. Rea2 Kc6 42. Ng5 Re3 43.
Nxh7 Rdd3 44. Rg4 Be5 45. Ra6+ Kc7 46. Raxg6 Rxc3 47. R4g5 Rc2+ 48. Kh3 Bf4
49. Rg4 Bd6 50. Ng5 Ree2 51. Ra4 Rh2+ 52. Kg4 Rhg2 53. Ne4 Be5 54. Ra7+ 1-0

[Event "6th EICC"]
[Site "Warsaw POL"]
[Date "2005.06.30"]
[Round "12"]
[White "Galego,L"]
[Black "Riazantsev,A"]
[Result "1/2-1/2"]
[WhiteElo "2493"]
[BlackElo "2608"]
[EventDate "2005.06.18"]

1. e4 c6 2. d3 d5 3. Nd2 e5 4. Ngf3 Bd6 5. g3 Nf6 6. Bg2 O-O 7. O-O Re8 8.
h3 Nbd7 9. Nh2 dxe4 10. dxe4 Qc7 11. Nc4 Bf8 12. Ng4 b6 13. Nxf6+ Nxf6 14.
Re1 Nd7 15. Ne3 Nc5 16. Qf3 Ne6 17. Nf5 Ba6 18. h4 Rad8 19. Be3 Nd4 20.
Nxd4 exd4 1/2-1/2

[Event "6th EICC"]
[Site "Warsaw POL"]
[Date "2005.06.30"]
[Round "12"]
[White "Pavlovic,Mi"]
[Black "Minasian,Art"]
[Result "0-1"]
[WhiteElo "2475"]
[BlackElo "2597"]
[EventDate "2005.06.18"]

1. Nf3 d5 2. d4 c6 3. c4 e6 4. e3 Bd6 5. Bd3 f5 6. Qc2 Nf6 7. O-O O-O 8. b3
Qe7 9. Bb2 b6 10. Nc3 Bb7 11. cxd5 Nxd5 12. Nxd5 cxd5 13. Ne5 Ba6 14. Bxa6
Nxa6 15. Nd3 Nb4 16. Nxb4 Bxb4 17. Rac1 Bd6 18. h3 b5 19. Qe2 Qd7 20. Rc2
a5 21. Rfc1 a4 22. Bc3 axb3 23. axb3 Ra3 24. Rb1 Rfa8 25. Qd2 Qe7 26. Qd3
Qb7 27. Be1 b4 28. Rbc1 Ra1 29. Kf1 Rxc1 30. Rxc1 Qa6 31. Ke2 Kf7 32. Bd2
Ke7 33. Qxa6 Rxa6 34. Rc8 Ra3 35. Rg8 Kf6 36. g4 fxg4 37. hxg4 Rxb3 38. g5+
Kf7 39. Rh8 Rb1 40. Kd3 b3 41. Ra8 b2 42. Ra7+ Kg6 43. Rb7 Ba3 0-1

[Event "6th EICC"]
[Site "Warsaw POL"]
[Date "2005.06.30"]
[Round "12"]
[White "Halkias,S"]
[Black "Georgiev,Ki"]
[Result "1/2-1/2"]
[WhiteElo "2549"]
[BlackElo "2666"]
[EventDate "2005.06.18"]

1. d4 d5 2. c4 c6 3. Nc3 Nf6 4. Nf3 dxc4 5. a4 Bf5 6. Ne5 Nbd7 7. Nxc4 Nb6
8. Ne3 Bg6 9. a5 Nbd7 10. g3 e6 11. Bg2 Rc8 12. O-O Be7 13. Nc4 O-O 14. e4
Bb4 15. Re1 b5 16. axb6 Nxb6 17. Ne5 c5 18. Nxg6 hxg6 19. dxc5 Qxd1 20.
Rxd1 Bxc5 21. e5 Ng4 22. Ne4 Bb4 23. Bf4 Nd5 24. h3 Nxf4 25. gxf4 Nh6 26.
Rxa7 Rc2 27. b3 Rb8 28. Bf1 Rcc8 29. Bc4 Ra8 30. Rb7 Rcb8 31. Rdd7 Ba3 32.
Rxb8+ Rxb8 33. Ng5 Kf8 34. Kg2 Be7 35. Kf3 Nf5 36. Ne4 Ke8 37. Rd1 Ra8 38.
Bb5+ Kf8 39. Ba4 Rb8 40. Rd7 Rb4 41. Nd6 Nd4+ 42. Ke3 Nxb3 43. Rc7 Rb8 44.
Nb7 Na1 45. Kd3 g5 46. fxg5 Bxg5 47. Nd6 f6 48. Bd7 fxe5 49. Bxe6 Rd8 50.
Rf7+ Kg8 51. Rd7+ Kf8 52. Rf7+ Kg8 53. Rd7+ Kf8 54. Rxd8+ Bxd8 55. Bd5 Bc7
56. Ne4 Ke7 57. Kc3 Bb6 58. Kb2 Bd4+ 59. Kb1 Kd7 60. f3 Ke7 61. Bg8 Kd7 62.
Bc4 Kc6 63. Ng3 Kc5 64. Bf7 Kb4 65. Nf5 Nb3 66. Bxb3 Kxb3 67. Nxg7 e4 68.
Ne6 Kc3 69. fxe4 Bf6 70. Nc5 Kd4 71. Nd7 Be7 72. e5 Kd5 73. Kc2 Ke6 74. Nb8
Kxe5 1/2-1/2

[Event "6th EICC"]
[Site "Warsaw POL"]
[Date "2005.06.30"]
[Round "12"]
[White "Gagunashvili,M"]
[Black "Jobava,Ba"]
[Result "0-1"]
[WhiteElo "2547"]
[BlackElo "2637"]
[EventDate "2005.06.18"]

1. d4 d5 2. c4 e6 3. Nc3 Bb4 4. Nf3 Nf6 5. cxd5 exd5 6. Bg5 O-O 7. Qb3 c5
8. dxc5 Nc6 9. e3 Be6 10. Nd4 Bxc5 11. Rd1 h6 12. Bh4 Bg4 13. f3 Re8 14.
Nxc6 bxc6 15. fxg4 g5 16. Be2 gxh4 17. O-O Rxe3 18. Kh1 Qd6 19. Qa4 Rb8 20.
Rf5 Rxb2 21. g5 Ne4 22. Nxd5 Rexe2 23. Nf6+ Nxf6 24. gxf6 Rxg2 0-1

[Event "6th EICC"]
[Site "Warsaw POL"]
[Date "2005.06.30"]
[Round "12"]
[White "Mchedlishvili,M"]
[Black "Filippov,Va"]
[Result "1/2-1/2"]
[WhiteElo "2518"]
[BlackElo "2621"]
[EventDate "2005.06.18"]

1. d4 e6 2. c4 b6 3. a3 g6 4. Nc3 Bg7 5. Nf3 Bb7 6. e4 Ne7 7. Bd3 d6 8. O-O
Nd7 9. Re1 h6 10. Be3 a6 11. b4 g5 12. Rc1 Ng6 13. Bf1 Qe7 14. d5 c5 15.
dxc6 Bxc6 16. Bd4 Nge5 17. Nxe5 Bxe5 18. Bxe5 dxe5 19. Qd2 O-O 20. Red1 Nf6
21. Qe3 Rab8 22. f3 Kg7 23. Ne2 Rfc8 24. Rd2 Nd7 25. Qd3 Rc7 26. Qb3 Rbc8
27. Ng3 Kg6 28. Rcd1 a5 29. Nh1 Nb8 30. Rd6 Rd7 31. Rxd7 Bxd7 32. Qe3 Ba4
33. Rd2 Rd8 34. Nf2 Nc6 35. Nd3 Qc7 36. c5 b5 37. Nb2 Rxd2 38. Qxd2 Bb3 39.
Qd6 Qc8 40. Nd3 f6 41. Nc1 Bc4 42. Ne2 Kf7 43. Kf2 Bb3 44. Nc1 Ba4 45. Ne2
Bb3 46. Nc1 Ba4 47. g3 Bc2 48. Qd2 Ba4 49. Qd6 Bc2 50. Qd2 Ba4 51. g4 Qd8
52. Qxd8 Nxd8 53. Bd3 Nc6 54. Ne2 Bb3 55. Ke3 Ke7 56. Nc3 1/2-1/2

[Event "6th EICC"]
[Site "Warsaw POL"]
[Date "2005.06.30"]
[Round "12"]
[White "Bobras,P"]
[Black "Pelletier,Y"]
[Result "1-0"]
[WhiteElo "2501"]
[BlackElo "2610"]
[EventDate "2005.06.18"]

1. e4 c5 2. Nf3 d6 3. d4 cxd4 4. Nxd4 Nf6 5. Nc3 a6 6. Be3 e6 7. f3 b5 8.
g4 Bb7 9. Qd2 Nc6 10. Nxc6 Bxc6 11. O-O-O Rc8 12. g5 Nd7 13. Kb1 Be7 14.
Rg1 Ne5 15. Qf2 Qc7 16. f4 Nc4 17. Bxc4 bxc4 18. f5 Rb8 19. f6 Bf8 20. Bc1
Rg8 21. Qh4 gxf6 22. gxf6 Rxg1 23. Rxg1 Qd8 24. Rg8 Kd7 25. e5 dxe5 26. b3
cxb3 27. axb3 Qa5 28. Bb2 Re8 29. Qxh7 Kd8 30. Qxf7 Qc5 31. Rh8 a5 32. Rh7
Bd6 33. Ne4 Qg1+ 34. Ka2 Bb8 35. Qg7 1-0

[Event "6th EICC"]
[Site "Warsaw POL"]
[Date "2005.06.30"]
[Round "12"]
[White "Palac,M"]
[Black "Guliev,S"]
[Result "1-0"]
[WhiteElo "2574"]
[BlackElo "2481"]
[EventDate "2005.06.18"]

1. e4 e5 2. Nf3 Nc6 3. Bb5 a6 4. Ba4 Nf6 5. O-O Be7 6. Re1 b5 7. Bb3 d6 8.
c3 O-O 9. h3 Na5 10. Bc2 c5 11. d4 Qc7 12. Nbd2 cxd4 13. cxd4 Bd7 14. Nf1
Rac8 15. Re2 Rfe8 16. Ng3 Nc6 17. a3 Nxd4 18. Nxd4 exd4 19. Qxd4 Be6 20.
Be3 g6 21. Bg5 Nd7 22. Bxe7 Rxe7 23. Rd1 Ne5 24. f4 Nc6 25. Qf2 b4 26. Red2
bxa3 27. bxa3 Na5 28. f5 Bc4 29. Rxd6 Bb5 30. Nh5 Qxc2 31. Nf6+ Kg7 32. Qh4
h5 33. Nxh5+ Kf8 34. Nf6 Rec7 35. Qh8+ Ke7 36. Ng8+ Rxg8 37. Qf6+ 1-0

[Event "6th EICC"]
[Site "Warsaw POL"]
[Date "2005.06.30"]
[Round "12"]
[White "Nyback,T"]
[Black "Esen,B"]
[Result "1-0"]
[WhiteElo "2551"]
[BlackElo "2287"]
[EventDate "2005.06.18"]

1. d4 Nf6 2. c4 e6 3. Nf3 b6 4. g3 Ba6 5. b3 Bb4+ 6. Bd2 Bxd2+ 7. Qxd2 O-O
8. Bg2 c6 9. Qc2 d5 10. Nbd2 Nbd7 11. e4 Nxe4 12. Nxe4 dxe4 13. Qxe4 Bb7
14. O-O Qc7 15. Ne5 Rac8 16. Rad1 Nf6 17. Qe3 Rfd8 18. Rd2 c5 19. Bxb7 Qxb7
20. dxc5 Rxd2 21. Qxd2 bxc5 22. Rd1 h6 23. Qa5 g6 24. Rd8+ Rxd8 25. Qxd8+
Kg7 26. Qd6 Ne4 27. Qd7 Qxd7 28. Nxd7 a5 29. f3 Nc3 30. Nxc5 Nxa2 31. Nb7
Nb4 32. Nxa5 Kf6 33. Kf2 e5 34. Ke3 Ke6 35. f4 exf4+ 36. gxf4 g5 37. fxg5
hxg5 38. Nb7 f5 39. Nc5+ Kd6 40. Nd3 Nc2+ 41. Kf2 Kc6 42. b4 Na3 43. Ne5+
Kd6 44. Nf7+ Ke7 45. Nxg5 Nxc4 46. h4 Kf6 47. b5 Kg6 48. Kg3 Nb6 49. Nh3
Kf6 50. Nf4 Nd7 51. Kf3 Ke5 52. h5 Kf6 53. h6 Ne5+ 54. Kg3 Nd7 55. Kh4 Nb6
56. Kh5 Nd7 57. Ng6 1-0

[Event "6th EICC"]
[Site "Warsaw POL"]
[Date "2005.06.30"]
[Round "12"]
[White "Tregubov,P"]
[Black "Zelcic,R"]
[Result "0-1"]
[WhiteElo "2612"]
[BlackElo "2514"]
[EventDate "2005.06.18"]

1. d4 Nf6 2. c4 e6 3. Nf3 c5 4. d5 b5 5. Bg5 exd5 6. cxd5 d6 7. e4 a6 8. a4
Be7 9. axb5 Nxe4 10. Bxe7 Qxe7 11. Be2 O-O 12. O-O Bb7 13. Re1 axb5 14.
Rxa8 Bxa8 15. Bf1 f5 16. Bxb5 Qf7 17. Nc3 Nd7 18. Bc6 Ndf6 19. Nxe4 Nxe4
20. Nd2 Nf6 21. Qa4 Bxc6 22. dxc6 Qc7 23. b4 cxb4 24. Rc1 Rb8 25. Qc2 d5
26. f3 Qe5 27. Nb3 Ne8 28. Qd3 Nc7 29. Nd4 f4 30. Kf2 b3 31. Re1 Qf6 32.
Rb1 b2 33. Qc3 Qe5 34. Kf1 Ne6 35. Nb5 d4 36. Qxb2 Qd5 37. Qb3 Qxc6 38. Re1
Kf7 39. Re5 Rd8 40. Qd3 g6 41. Na3 Rc8 42. Re2 Qc3 43. Qb5 Rc6 44. Nb1 Qc1+
45. Kf2 Qc5 46. Qd3 Qc1 47. Qe4 Qc5 48. Qd3 Qd5 49. Nd2 Rc3 50. Qe4 Qd7 51.
Qe5 Rc5 52. Qh8 d3 53. Re4 Qa7 54. Rxf4+ Rf5+ 55. Kg3 Qc7 56. Qxh7+ Ng7 57.
Qh6 Nh5+ 0-1

[Event "6th EICC"]
[Site "Warsaw POL"]
[Date "2005.06.30"]
[Round "12"]
[White "Anastasian,A"]
[Black "Mista,A"]
[Result "0-1"]
[WhiteElo "2574"]
[BlackElo "2497"]
[EventDate "2005.06.18"]

1. Nf3 Nf6 2. c4 c5 3. g3 b6 4. Bg2 Bb7 5. O-O e6 6. Nc3 Be7 7. Re1 d6 8.
e4 Nbd7 9. d4 cxd4 10. Nxd4 Qc7 11. Be3 Rc8 12. Rc1 Qb8 13. b3 O-O 14. f4
Rfe8 15. f5 Nf8 16. fxe6 fxe6 17. Bh3 Bd8 18. Ndb5 Be7 19. Nd4 Bd8 20. Rf1
Nxe4 21. Rxf8+ Rxf8 22. Nxe4 Bxe4 23. Nxe6 Rf7 24. Bg5 Be7 25. Qd4 Ba8 26.
Rf1 Rxf1+ 27. Bxf1 Bf8 28. Nf4 d5 29. b4 Bxb4 30. Ne6 Bc5 31. Nxc5 bxc5 32.
Qg4 Re8 33. Bf6 Qc7 34. Bd3 Qf7 35. Bc3 d4 36. Bd2 Qb7 37. Bxh7+ Kh8 38.
Qh3 Qh1+ 39. Kf2 Qf3+ 0-1

[Event "6th EICC"]
[Site "Warsaw POL"]
[Date "2005.06.30"]
[Round "12"]
[White "Bartel,Mat"]
[Black "Markowski,T"]
[Result "1/2-1/2"]
[WhiteElo "2511"]
[BlackElo "2560"]
[EventDate "2005.06.18"]

1. e4 c5 2. Nf3 e6 3. d4 cxd4 4. Nxd4 a6 5. Bd3 Nf6 6. Qe2 d6 7. O-O b6 8.
b3 Bb7 9. Bb2 Nbd7 10. Nd2 Be7 11. f4 Nc5 12. g4 b5 13. g5 Nfd7 14. Rf2 Qb6
15. N4f3 1/2-1/2